Statistics for Red Hot Chili Peppers Charting Songs (Billboard Hot 100)

Click here to take the quiz!

General Stats

  • This quiz has been taken 29 times
  • The average score is 7 of 14

Answer Stats

AlbumWeeks OnPeakSong% Correct
Californication19 Weeks#69Californication
88%
Blood Sugar Sex Magik26 Weeks#2Under The Bridge
85%
By The Way20 Weeks#34By The Way
81%
Stadium Arcadium26 Weeks#6Dani California
73%
Blood Sugar Sex Magik15 Weeks#73Give It Away
73%
Californication29 Weeks#9Scar Tissue
69%
Californication22 Weeks#14Otherside
58%
By The Way20 Weeks#57Can't Stop
46%
Stadium Arcadium20 Weeks#22Snow ((Hey Oh))
35%
Coneheads Soundtrack20 Weeks#22Soul To Squeeze
31%
By The Way14 Weeks#49The Zephyr Song
27%
The Getaway2 Weeks#67Dark Necessities
23%
I'm With You17 Weeks#38The Adventures of Rain Dance Maggie
19%
Stadium Arcadium19 Weeks#50Tell Me Baby
19%

Score Distribution

Percentile by Number Answered

Percent of People with Each Score

Your Score History

You have not taken this quiz